|
|
|
|
| LEADER |
00000cam a22000004a 4500 |
| 001 |
musev2_89028 |
| 003 |
MdBmJHUP |
| 005 |
20230905052949.0 |
| 006 |
m o d |
| 007 |
cr||||||||nn|n |
| 008 |
200201s2020 dcu o 00 0 eng d |
| 020 |
|
|
|a 9780813232492
|
| 020 |
|
|
|z 9780813232485
|
| 035 |
|
|
|a (OCoLC)1138677173
|
| 040 |
|
|
|a MdBmJHUP
|c MdBmJHUP
|
| 100 |
1 |
|
|a Desmond, William,
|d 1951-
|e author.
|
| 245 |
1 |
4 |
|a The Voiding of Being :
|b The Doing and Undoing of Metaphysics in Modernity /
|c William Desmond.
|
| 264 |
|
1 |
|a Washington :
|b The Catholic University of America Press,
|c 2020.
|
| 264 |
|
3 |
|a Baltimore, Md. :
|b Project MUSE,
|c 2022
|
| 264 |
|
4 |
|c ©2020.
|
| 300 |
|
|
|a 1 online resource.
|
| 336 |
|
|
|a text
|b txt
|2 rdacontent
|
| 337 |
|
|
|a computer
|b c
|2 rdamedia
|
| 338 |
|
|
|a online resource
|b cr
|2 rdacarrier
|
| 490 |
0 |
|
|a Studies in philosophy and the history of philosophy ;
|v volume 61
|
| 505 |
0 |
|
|a The Voiding of Being: On the Doing and Undoing of Metaphysics in Modernity -- Analogy and the Fate of Reason -- The Dearth of Astonishment: On Curiosity, Scientism, and Thinking as Negativity -- Are We All Scholastics Now? On Analytic, Dialectical, and Transdialectical Thinking -- Between System and Poetics: On the Practices of Philosophy -- Saturated Phenomena and the Hyperboles of Being: On Marion's Postmetaphysical Thought -- Being True to Mystery and Metaxological Metaphysics -- Flux-Gibberish: For and against Heraclitus.
|
| 520 |
|
|
|a "The author amplifies important themes in the unfolding of modern metaphysics, exploring diverse aspects of current skepticism and offering a defense in terms of his metaxological metaphysics. Along the way he engages both the long tradition and more modern writers, such as Heidegger and Marion"--
|c Provided by publisher.
|
| 588 |
|
|
|a Description based on print version record.
|
| 650 |
|
7 |
|a Metaphysics.
|2 fast
|0 (OCoLC)fst01018304
|
| 650 |
|
7 |
|a PHILOSOPHY
|x Metaphysics.
|2 bisacsh
|
| 650 |
|
0 |
|a Metaphysics.
|
| 655 |
|
7 |
|a Electronic books.
|2 local
|
| 710 |
2 |
|
|a Project Muse.
|e distributor
|
| 830 |
|
0 |
|a Book collections on Project MUSE.
|
| 856 |
4 |
0 |
|z Texto completo
|u https://projectmuse.uam.elogim.com/book/89028/
|
| 945 |
|
|
|a Project MUSE - Custom Collection
|